000 00507 a2200193 4500
005 20260102150204.0
008 260102b |||||||| |||| 00| 0 eng d
020 _a97893492020696
_cRs. 550.00
040 _aMAIN
082 _a370.71
_bY11S
100 _aYadav, Priyanka
245 _aShikshak shiksha main parepekshay
260 _bV R Book International
_c2025
_aNew Delhi
300 _axi, 156
650 _aEducation
650 _aTeacher Education
700 _aManeeta Devi, ed.
942 _cBK
999 _c393809
_d393809